00940nam a2200229 u 45000010006000000050017000060080041000230350010000640400013000740410008000870820008000951000034001032450184001372600043003213000014003646500045003786500033004236500032004566500076004887000031005645000115005957192220260504071751.0960313s1992 ||||||m| spa  a71922 ccomduadb aspa 4a36210aUribe de H., Emilse4auteaut10aCaracteristicas y cambios presentados en las familias de ninos afectados de cancer, atendidos en el servicio de hematologia infantil del Hospital Universitario San Vicente de Paul aMedellín :b[sin publicador],c1992. a126 hojas aNiños enfermos - Relaciones familiares 7aTrabajo social con niños2 aRelación familia-paciente aHospital Universitario San Vicente de Paul (Medellin) - Investigaciones10aOchoa Z., Bertha4auteaut aTesis (Especialista en Gerencia del Desarrollo Social). Universidad de Antioquia - Título del grado otorgado